Kalmatullah Ki Taleem (Record no. 4358)
[ view plain ]
| 000 -LEADER | |
|---|---|
| fixed length control field | 00560nam a2200229 a 4500 |
| 020 ## - INTERNATIONAL STANDARD BOOK NUMBER | |
| ISBN | |
| 082 00 - DEWEY DECIMAL CLASSIFICATION NUMBER | |
| Classification number | 232.96 |
| Author Cutter | BAR |
| 100 ## - MAIN ENTRY--AUTHOR NAME | |
| Author name | Barkatullah, |
| 245 ## - TITLE STATEMENT | |
| Title | Kalmatullah Ki Taleem |
| 260 ## - PUBLICATION, DISTRIBUTION, ETC. (IMPRINT) | |
| Place of publication | Lahore |
| Name of publisher | Punjab Religious Booksociety |
| Year of publication | 1932 |
| 300 ## - PHYSICAL DESCRIPTION | |
| Number of Pages | 231p |
| 500 ## - GENERAL NOTE | |
| General note | includes index and biblioraphy |
| 650 ## - SUBJECT ADDED ENTRY--TOPICAL TERM | |
| Topical Term | Jesus Christ-Teachings |
| 942 ## - ADDED ENTRY ELEMENTS (KOHA) | |
| Koha item type | Books |
| 700 1# - | |
| -- | Barkatullah, |
| Home library | Current library | Date acquired | Cost, normal purchase price | Full call number | Accession Number | Koha item type |
|---|---|---|---|---|---|---|
| Henry Martyn Institute Library | Henry Martyn Institute Library | 03/22/2016 | 100.00 | 232.96 BAR | 4719 | Archive Book |
| Henry Martyn Institute Library | Henry Martyn Institute Library | 03/22/2016 | 100.00 | 232.96 BAR | 5094 | Archive Book |
